Statistics for Guess the roblox games

Click here to take the quiz!

General Stats

  • This quiz has been taken 81 times
  • The average score is 3 of 15

Answer Stats

HintAnswer% Correct
Go through a door to see monstersDoors
97%
Guns and gamemodesArsenal
32%
c h o m i k sFind the Chomiks
32%
Go through a door to see monsters (but bad)Doors but Bad
19%
PNGs chase you and it‘s from G-MODEvade
16%
You stay on tower and it‘s from G-MOD (i think)Jenga
11%
Collect Block. Collect Food. Collect Fuse. Collect Battery.Rainbow Friends
11%
CUBE + CUBE = BETTER CUBECube Fusion
6%
Flee the facility??? Nah, Flee the facilityEpic Minigames
6%
Put paper in the trash bin. A lot of paper.The Pointless Printer Game
6%
Marble race and YOU get to be a marbleMarble Racing with 100 Marbles!
5%
Tower defense that LOOKS like a tower heroes rip offFlavor Frenzy
3%
Removed Pokemon Roleplay GamePokemon Advanced
3%
Stressful game on where you keep a train on a railRail Frenzy
3%
Tower defense without humansSpirit Defenders
3%

Score Distribution

Percentile by Number Answered

Percent of People with Each Score

Your Score History

You have not taken this quiz